000 00823nam a2200265 i 4500
001 C2-0147595
003 PPAK
005 20180727131309.0
008 980316s1985 enka|||| ||||| | eng d
020 _a0850456843
040 _aPPAK
_beng
_cPPAK
_erda
082 0 4 _a355.00973
_223
090 0 0 _a355.00973
_bHAY
_dR
100 1 _aHaythornthwaite, Philip J. ,
_d1951-
_eauthor
_q(Philip John)
245 1 4 _aThe Alamo and the War of Texan Independence, 1835-36
264 1 _aLondon :
_bOsprey Ltd. ,
_c1985
300 _a48 pages :
_bcolour illustrations ;
_c25 cm
336 _2rdacontent
_atext
337 _2rdamedia
_aunmediated
338 _2rdacarrier
_avolume
490 1 _aMen-at-arms series (173)
650 1 0 _aTexas - History - Revolution, 1835-36
830 0 _aMen-at-arms series (173)
942 _ddc
_cB
999 _c46655
_d46655